000 00998nam a22002177a 4500
003 OSt
005 20250917164511.0
008 240325b ||||| |||| 00| 0 eng d
040 _c0
082 _aDPer 621.381 In821 September 2022 v. 37 n. 9
100 _aCamurca, Luis.
_eauthor.
_955381
245 _aAnalysis, limitations, and opportunities of modular multilevel converter-based architectures in fast charging stations infrastructures /
_cLuis Camurca, Thiago Pereira, Felix Hoffmann, and Marco Liserre.
260 _aNew York ;
_bThe Institute of Electrical and Electronics Engineers, Inc. ,
_cSeptember 2022.
300 _aVolume 37, pages 10747-10760 :
_billustration ;
_c28 cm.
500 _aIEEE Transitions on Power Electronics, v. 37 n. 9, pages 10747-10760, September 2022.
700 _aCamurca, Luis.
_eauthor.
_955381
700 _aPereira, Thiago.
_eauthor.
_955382
700 _aHoffmann, Felix.
_eauthor.
_955383
700 _aLiserre, Marco.
_eauthor.
_955384
942 _2ddc
_cPER
999 _c19851
_d19851